TOEIC TRAINING #2 - Statistiques

Statistiques générales
  • Ce quiz a été pris 161 fois
  • Le résultat moyen est 4 sur 20
Statistiques - réponses
Hint Réponse % Correct
Goods La marchandise
63%
Résumé Curriculum Vitae
57%
Sidewalk Trottoir
54%
Warehouse Entrepôt, magasin
45%
Spending Dépenses
31%
Aisle Allée, couloir
28%
Trainee Stagiaire
26%
Lease Bail, location
19%
Downsize Réduire les effectifs
18%
Bargain Une bonne affaire
13%
Dial Composer un numéro
12%
Enclose Joindre
12%
Tenant Locataire
12%
Cabinet Meuble de rangement
11%
Inference Déduction, inférence
10%
Appliance Appareil
6%
Clerk Vendeur, vendeuse
6%
Imply Insinuer
5%
Sightseeing Visiter, circuit touristique
5%
Recipient Destinataire
4%
Aucun quiz correspondant
Distribution des résultats
% des personnes avec chaque résultat
Percentile par nombre de réponses
Votre historique - résultats
Vous n’avez pas pris ce quiz